000 00695nam a2200265Ia 4500
005 20260121171809.0
008 008 260114s9999 xx 000 0 eng d
020 _a9783030457129
037 _aEBOOK
040 _aCRL
040 _beng
040 _cCRL
041 _2eng
041 _aeng
084 _qCRL
100 _aSandra Burri Gram-Hansen, Tanja Svarre Jonasen, Cees Midden
_91080566
245 0 _aPersuasive Technology. Designing for Future Change
260 _bSpringer
260 _bSpringer
260 _c2020
856 _uhttps://link.springer.com/openurl?genre=book&isbn=978-3-030-45712-9
942 _cEBOOK
999 _c1646299
_d1646299